[Event "Titled Tuesday intern op 19th Jan"]
[Site "Chess.com INT"]
[Date "2021.01.19"]
[Round "5"]
[White "Gonzalez, Francisco Silva"]
[Black "Issani, Nameer"]
[Result "1-0"]
[WhiteElo "2049"]
[BlackElo "2070"]
[PlyCount "207"]
[EventDate "2021.01.19"]
[EventType "swiss (blitz)"]
[EventRounds "11"]
[EventCountry "USA"]
[SourceTitle "CBM 200 Extra"]
[Source "ChessBase"]
[SourceDate "2021.03.31"]
[SourceVersion "1"]
[SourceVersionDate "2021.03.31"]
[SourceQuality "1"]

1. d4 Nf6 2. c4 e6 3. Nc3 Bb4 4. a3 Bxc3+ 5. bxc3 0-0 6. e3 d6 7. f3 Nbd7 8. e4 e5 9. Be3 Re8 10. Bd3 c6 11. Ne2 d5 12. cxd5 cxd5 13. Bg5 h6 14. Bh4 g5 15. dxe5 Nxe5 16. Bg3 Nxd3+ 17. Qxd3 dxe4 18. Qxd8 Rxd8 19. Kf2 Be6 20. Be5 Nd7 21. Bd4 exf3 22. gxf3 Nf8 23. h4 g4 24. Nf4 Ng6 25. Nh5 gxf3 26. Nf6+ Kf8 27. h5 Nf4 28. Kxf3 Nd5 29. Bc5+ Kg7 30. Ne4 Bf5 31. Rag1+ Kh7 32. Bd4 Rg8 33. Nd6 Be6 34. Ne4 f5 35. Nc5 Bf7 36. c4 Nb6 37. Kf4 Nxc4 38. Kxf5 Bd5 39. Nd7 Raf8+ 40. Nf6+ Rxf6+ 41. Kxf6 Bxh1 42. Rxh1 b6 43. a4 Nd6 44. Ke6 Ne4 45. Rc1 Re8+ 46. Kf7 Nd6+ 47. Kf6 Rf8+ 48. Ke6 Ne4 49. Rc7+ Kg8 50. Rg7+ Kh8 51. Rg4+ Kh7 52. Rxe4 Re8+ 53. Kd5 Rd8+ 54. Kc4 Rc8+ 55. Kd3 Rc7 56. Re6 Rd7 57. Ke4 Rc7 58. Be5 Rc4+ 59. Kf5 Rxa4 60. Re7+ Kg8 61. Bf6 Kf8 62. Rh7 Ra5+ 63. Kg6 Ke8 64. Rxh6 Kd7 65. Rh7+ Ke6 66. Re7+ Kd6 67. h6 Ra2 68. h7 Rg2+ 69. Bg5 Rh2 70. Rg7 a5 71. Rg8 b5 72. h8Q Rxh8 73. Rxh8 b4 74. Rh4 Kc5 75. Be7+ Kb5 76. Kf5 Ka4 77. Ke4 Kb3 78. Kd3 Ka3 79. Kc2 Ka4 80. Kb2 Kb5 81. Bxb4 axb4 82. Kb3 Kc5 83. Rxb4 Kd5 84. Rc4 Ke5 85. Kc2 Kd5 86. Kc3 Ke5 87. Rd4 Kf5 88. Kc4 Ke5 89. Kd3 Kf5 90. Re4 Kg5 91. Kd4 Kf5 92. Ke3 Kf6 93. Kf4 Kg6 94. Re6+ Kf7 95. Kf5 Kg7 96. Rf6 Kg8 97. Ke6 Kg7 98. Ke7 Kg8 99. Rf7 Kh8 100. Ke6 Kg8 101. Kf6 Kh8 102. Kg6 Kg8 103. Rf6 Kh8 104. Rf8# 1-0